| 000 | 00444nam a2200181Ia 4500 | ||
|---|---|---|---|
| 001 | 13809 | ||
| 005 | 20260306164828.0 | ||
| 008 | 260306t1999||||xx |||||||||||||| ||spa|| | ||
| 041 | _aESP | ||
| 082 |
_a005.3 _bL69 |
||
| 100 |
_aLizasoain, Luis _eAUT |
||
| 245 | 0 |
_aSPSS para Windows: _bversión 8 en castellano |
|
| 260 | _c1999 | ||
| 300 |
_axviii, 474 páginas : _c24 cm. |
||
| 650 | _aGEN | ||
| 654 | _aCCC | ||
| 942 |
_cLIB _dJUS _fJUS _2ddc _n |
||
| 999 |
_c13809 _d13809 |
||